000 00292nam a2200121Ia 4500
008 191201s2019 xx 000 0 und d
100 _aGHOSH, Manas
245 0 _aDatabase Management Systems MBA ITM4 SEM-4
260 _aN. delhi
_bVikas Pub
300 _a320
650 _aMBA
942 _2ddc
_cBK
999 _c288
_d288